000 02718nam a2200253Ia 4500
003 Ost
005 20260507075338.0
008 260507s9999||||xx |||||||||||||| ||und||
020 _a9789957525361
040 _cfsecg
041 _aara
082 _a330
100 _aالصميدعي، محمود
_eمؤلف
245 0 _aالتحديات التي تواجه منظمات الاعمال المعاصرة :
_bالأزمة المالية والعالمية والأفاق المستقبلية /
_c محمود الصميدعي
260 _aعمان:
_bمكتبة المجتمع العربي,
_c2011
300 _a538 صفحة؛
_bإيضاحات ؛
_c25 سم
520 _aأهمية الرقابة الداخلية لنظم المعلومات المحاسبية و دورها في تحقيق أمن المعلومات في ظل بيئة التجارة الالكترونية ، الاطار المفاهيمي لبناء نموذج مقترح لادارة علاقة الزبون في القطاع الخدمي ، دور المعرفة التسويقية في مواجهة الأزمات التسويقية في الشركات الصناعية المساهمة العامة الاردنية ، أثر حجم الشركة و حجم المبيعات و حجم الاستثمار الاجنبي على الافصاح عن المسؤولية الاجتماعية : دراسة حالة الشركات الصناعية المدرجة في بورصة عمان لعام 2007 ، الاخلاقيات و انعكاسها على بحوث التسويق في منظمات الاعمال ، دور المزيج الترويجي الأمثل في نمو الحصة السوقية للشركات الصناعية الاردنية : دراسة حالة ، نظم المعلومات التسويقية و دورها في ادارة الأزمات التسويقية ، أثر الازمة العالمية على الأساليب الترويجية للصادرات الأردنية ، الأزمة المالية العالمية : اتجاهات التشبه بالنظام المالي الاسلامي ، أزمة الرهن العقاري و الازمة المالية العالمية ، تمويل و ادارة القرض العقاري : رؤية اسلامية حديثة ، اثر الازمة المالية العالمية على شركات التأمين العربية ، واقع صناديق الثروة السيادية العربية في ظل أزمة الرهن العقاري .
653 _aالازمات الاقتصادية
653 _aالتسويق
653 _aالمالية
653 _aالمحاسبة
700 _aالعبادي، سمير
_eمؤلف ثانوي
942 _cكتاب
999 _c44066
_d44066